| 000 | 00729nam a22002057a 4500 | ||
|---|---|---|---|
| 003 | 0 | ||
| 005 | 20240111115945.0 | ||
| 008 | 240111b xxu||||| |||| 00| 0 eng d | ||
| 020 | _a978-1-4742-3511-2 | ||
| 050 |
_aTR 897 _b.J36 2018 |
||
| 100 | _aJames, Kahra S. | ||
| 245 |
_aSound design for moving image : from concept to realization _cKahra S. James |
||
| 260 |
_aLondon ; New York _bBloombury Publishing Inc. _cc2018. |
||
| 300 |
_avii, 184 pages : _bcolored illustrations (portrait) ; _c27 cm. |
||
| 504 | _aIncludes bibliographical reference, index, and glossary. | ||
| 650 | _aSound motion pictures. | ||
| 650 | _aSound--recording and reproducing. | ||
| 650 | _aMotion pictures--sound effects. | ||
| 942 |
_2lcc _cBK |
||
| 999 |
_c365850 _d365850 |
||